00997nam a2200205Ia 4500008004100000040003800041041000800079084001000087100003500097245031800132260003000450300002600480336002900506337003300535338002800568502009900596650002600695650002900721700004100750250331t2002||||xx |||||||||||||| ||spa|| agtgcuscobspacgtgcuscodgtgcusco aspa aT1991 aFuentes López, Sonia Lisseth 0aPrevalencia de anomalías de desarrollo en caninos, premolares y molares detectables radiográficamente en estudiantes de 15-17 años en dos poblaciones de la región nor-occidente en donde se desarrolla el programa de EPS que cuenten con aparato de rayos X, según las 8 regiones de salud de Guatemala 2002. aGuatemala :bUSAC ;c2002 a84 p. :bil ;c28 cm. atextobtxt2rdacontenido aSin mediaciónbn2rdamedio avolumenbnc2rdasoporte aTesis (Cirujano Dentista) -- Universidad de San Carlos de Guatemala, Facultad de Odontología aAnomalías dentarias aDiagnóstico por imagen aBarrios Barrios, Juan Joséeasesor